000 00309nam a2200109Ia 4500
008 171211s9999 xx 000 0 und d
245 _aIllumination and Decoration of Flat Surfaces
245 _cBob Cameron
260 _c2009
650 _xArchitecture
856 _uhttp://down.ebook777.com/060/0643094903.pdf
999 _c350036
_d350036